书目信息 |
| 题名: |
百年回声
|
|
| 作者: | 陆凌涛 编著 | |
| 分册: | ||
| 出版信息: | 北京 中央编译出版社 2001 |
|
| 页数: | 235页 | |
| 开本: | 23×19cm | |
| 丛书名: | 纸莎图文馆 | |
| 单 册: | ||
| 中图分类: | J609.15 | |
| 科图分类: | ||
| 主题词: | 通俗音乐--音乐史--世界--现代 , 通俗音乐 , 音乐史 | |
| 电子资源: | ||
| ISBN: | 7-80109-445-X | |
| 000 | 00960oam2 2200289 450 | |
| 001 | 1253905183 | |
| 005 | 20121019145902.03 | |
| 010 | @a7-80109-445-X@dCNY40.00 | |
| 100 | @a20010712d2001 em y0chiy0110 ea | |
| 101 | 0 | @achi@aeng |
| 102 | @aCN@b110000 | |
| 105 | @aag z 000yd | |
| 200 | 1 | @a百年回声@Abai nian hui sheng@e流行音乐与时代@e[中英文本]@f陆凌涛编著 |
| 210 | @a北京@c中央编译出版社@d2001 | |
| 215 | @a235页@c照片@d23×19cm@e光盘2片 | |
| 225 | 2 | @a纸莎图文馆@v3 |
| 330 | @a本书以漫谈的方式,回顾了一些20世纪对流行音乐发展有着重要意义的音乐家或者组合、乐队以及他们的经典之作。 | |
| 461 | 0 | @12001 @a纸莎图文馆 |
| 510 | 1 | @aPopular Music and Times@zeng |
| 517 | 1 | @a流行音乐与时代@Aliu xing yin yue yu shi dai |
| 606 | 0 | @a通俗音乐@x音乐史@y世界@z现代 |
| 606 | 0 | @a通俗音乐 |
| 606 | 0 | @a音乐史 |
| 690 | @aJ609.15@v4 | |
| 701 | 0 | @a陆凌涛@Alu ling tao@f(1970~)@4编著 |
| 801 | 0 | @aCN@bNLC@c20101222 |
| 905 | @a10447@dJ609.15@eJY228 | |
| 百年回声:流行音乐与时代:[中英文本]/陆凌涛编著.-北京:中央编译出版社,2001 |
| 235页:照片;23×19cm+光盘2片.-(纸莎图文馆;3) |
| ISBN 7-80109-445-X:CNY40.00 |
| 本书以漫谈的方式,回顾了一些20世纪对流行音乐发展有着重要意义的音乐家或者组合、乐队以及他们的经典之作。 |
| ● |
| 相关链接 |
|
|
|
|
正题名:百年回声
索取号:J609.15/JY228
 
预约/预借
| 序号 | 登录号 | 条形码 | 馆藏地/架位号 | 状态 | 备注 |
| 1 | 7834429 | 278344294 | 学院路分馆/ [索取号:J609.15/JY228] | 在馆 | |
| 2 | 7834430 | 278344301 | 学院路分馆/ [索取号:J609.15/JY228] | 在馆 |